| 000 | 00452pab a2200157 454500 | ||
|---|---|---|---|
| 008 | 180718b2005 xxu||||| |||| 00| 0 eng d | ||
| 100 | _aClark, Terry D. | ||
| 245 | _aPresidentialism and the effect of electoral law in postcommunist systems: regime type matters | ||
| 260 | _c2005 | ||
| 300 | _ap.171-88. | ||
| 362 | _aMar | ||
| 650 | _aElectoral systems | ||
| 700 | _aWittrock, Jill N. | ||
| 773 | _aComparative Political Studies | ||
| 909 | _a65171 | ||
| 999 |
_c65171 _d65171 |
||